[Event "Pardubice op rap 26th"]
[Site "Pardubice"]
[Date "2015.07.23"]
[Round "4"]
[White "Kareva, Natalia"]
[Black "Pesotsky, Vitaly"]
[Result "1-0"]
[WhiteElo "2137"]
[BlackElo "2233"]
[PlyCount "57"]
[EventDate "2015.07.22"]
[EventType "swiss (rapid)"]
[EventRounds "9"]
[EventCountry "CZE"]
[SourceTitle "CBM 167 Extra"]
[Source "ChessBase"]
[SourceDate "2015.09.14"]
[SourceVersion "1"]
[SourceVersionDate "2015.09.14"]
[SourceQuality "1"]

1. d4 b5 2. e4 c6 3. g3 e6 4. Bg2 d5 5. Ne2 Nf6 6. e5 Nfd7 7. 0-0 h5 8. Nf4 g6 9. Qd3 b4 10. Nxg6 Ba6 11. c4 Bxc4 12. Qc2 Rg8 13. Nf4 Rh8 14. Nxe6 Qb6 15. Ng5 Bxf1 16. Bxf1 Qxd4 17. Qf5 Qxe5 18. Qxf7+ Kd8 19. Bf4 Qxb2 20. Ba6 Nxa6 21. Ne6+ Kc8 22. Qe8+ Kb7 23. Qxd7+ Kb6 24. Be3+ c5 25. a4 bxa3 26. Nd8 Qxa1 27. Qc6+ Ka5 28. Bd2+ Nb4 29. Nb7# 1-0

[Event "Pardubice op rap 26th"]
[Site "Pardubice"]
[Date "2015.07.23"]
[Round "5"]
[White "Pesotsky, Vitaly"]
[Black "Bilguun, Sumiya"]
[Result "1-0"]
[WhiteElo "2233"]
[BlackElo "2361"]
[PlyCount "153"]
[EventDate "2015.07.22"]
[EventType "swiss (rapid)"]
[EventRounds "9"]
[EventCountry "CZE"]
[SourceTitle "CBM 167 Extra"]
[Source "ChessBase"]
[SourceDate "2015.09.14"]
[SourceVersion "1"]
[SourceVersionDate "2015.09.14"]
[SourceQuality "1"]

1. e4 c5 2. Nf3 e6 3. d4 cxd4 4. Nxd4 a6 5. Nc3 Qc7 6. Be2 b5 7. 0-0 Bb7 8. Bf3 d6 9. a4 b4 10. Na2 e5 11. Nf5 a5 12. c3 Nf6 13. Re1 Nc6 14. Bg5 Nd7 15. Bd2 g6 16. Ne3 bxc3 17. Nd5 Qd8 18. Naxc3 Nd4 19. Be3 Bg7 20. Bxd4 exd4 21. Nb5 0-0 22. Rc1 Bxd5 23. exd5 Nc5 24. Rc4 d3 25. b3 Qf6 26. Rxc5 dxc5 27. Qxd3 Rae8 28. Rd1 Qe5 29. g3 Rd8 30. Kg2 Qb8 31. Qc4 Qb6 32. d6 Bd4 33. Bd5 Be5 34. Qd3 Kg7 35. Bc4 Rd7 36. f4 Bxd6 37. Nxd6 Rfd8 38. Qc3+ f6 39. Ne8+ Kf8 40. Rxd7 Rxd7 41. Qxf6+ Qxf6 42. Nxf6 Rd2+ 43. Kh3 Kg7 44. Ne4 Rd8 45. Nxc5 Kf6 46. Kg4 h6 47. Ne4+ Kg7 48. h4 h5+ 49. Kf3 Kf8 50. Nf2 Ke7 51. Nd3 Kf6 52. Ne5 Kg7 53. Ke3 Rb8 54. Kd4 Rd8+ 55. Bd5 Rb8 56. Nc6 Ra8 57. Be4 Ra6 58. Ne5 Rd6+ 59. Kc4 Rd1 60. Bxg6 Kh6 61. f5 Rf1 62. Nf7+ Kg7 63. Ng5 Rg1 64. Ne4 Re1 65. Kd5 Re3 66. Bxh5 Rxb3 67. f6+ Kh6 68. Be8 Re3 69. g4 Kh7 70. g5 Kg8 71. h5 Kf8 72. Bb5 Rf3 73. Ke5 Kg8 74. Bc4+ Kh8 75. g6 Rf5+ 76. Kd4 Rxf6 77. Nxf6 1-0

[Event "Nabokov Memorial-B 12th"]
[Site "Kiev"]
[Date "2015.04.25"]
[Round "5"]
[White "Kozak, Leonid"]
[Black "Pesotsky, Vitaly"]
[Result "1/2-1/2"]
[WhiteElo "2290"]
[BlackElo "2236"]
[PlyCount "34"]
[EventDate "2015.04.21"]
[EventType "tourn"]
[EventRounds "9"]
[EventCountry "UKR"]
[EventCategory "3"]
[SourceTitle "CBM 166 Extra"]
[Source "ChessBase"]
[SourceDate "2015.06.18"]
[SourceVersion "1"]
[SourceVersionDate "2015.06.18"]
[SourceQuality "1"]

1. e4 e6 2. d4 d5 3. exd5 exd5 4. Bd3 Bd6 5. Ne2 Nf6 6. Bf4 Bxf4 7. Nxf4 Qe7+ 8. Qe2 Nc6 9. c3 Qxe2+ 10. Kxe2 Ne7 11. Na3 c6 12. Nc2 Bf5 13. Ne3 Bxd3+ 14. Nxd3 Nd7 15. f4 f6 16. Kf3 Kf7 17. Rhe1 Rhe8 1/2-1/2

[Event "Nabokov Memorial-B 12th"]
[Site "Kiev"]
[Date "2015.04.23"]
[Round "3"]
[White "Vorontsov, Pavlo"]
[Black "Pesotsky, Vitaly"]
[Result "1-0"]
[WhiteElo "2389"]
[BlackElo "2236"]
[PlyCount "89"]
[EventDate "2015.04.21"]
[EventType "tourn"]
[EventRounds "9"]
[EventCountry "UKR"]
[EventCategory "3"]
[SourceTitle "CBM 166 Extra"]
[Source "ChessBase"]
[SourceDate "2015.06.18"]
[SourceVersion "1"]
[SourceVersionDate "2015.06.18"]
[SourceQuality "1"]

1. d4 g6 2. e4 Bg7 3. Nc3 c5 4. dxc5 Qa5 5. Nge2 Nf6 6. Bd2 Qxc5 7. Be3 Qa5 8. Qd2 Nc6 9. h3 d6 10. g4 h5 11. g5 Nd7 12. f4 0-0 13. Bg2 Nb6 14. b3 e5 15. f5 gxf5 16. exf5 Bxf5 17. 0-0 Bg6 18. a3 Nd4 19. Nxd4 exd4 20. Bxd4 Bxd4+ 21. Qxd4 Qxg5 22. Kh1 Rac8 23. Ne4 Qe5 24. Nf6+ Kg7 25. Qh4 Rxc2 26. Rae1 Re2 27. Rxe2 Qxe2 28. a4 Qe5 29. b4 Rc8 30. a5 Rc4 31. Qf2 Nc8 32. Nd7 Qd4 33. Qe2 Be4 34. Rd1 Qc3 35. Bxe4 Qxh3+ 36. Kg1 Qxd7 37. Qxc4 Qg4+ 38. Kf2 Qxd1 39. Qc3+ f6 40. Qc7+ Kh6 41. Qh7+ Kg5 42. Qf5+ Kh4 43. Qxf6+ Kh3 44. Bg2+ Kg4 45. Bf3+ 1-0

[Event "Nabokov Memorial-B 12th"]
[Site "Kiev"]
[Date "2015.04.21"]
[Round "1"]
[White "Osmak, Iulija"]
[Black "Pesotsky, Vitaly"]
[Result "0-1"]
[WhiteElo "2405"]
[BlackElo "2236"]
[PlyCount "66"]
[EventDate "2015.04.21"]
[EventType "tourn"]
[EventRounds "9"]
[EventCountry "UKR"]
[EventCategory "3"]
[SourceTitle "CBM 166 Extra"]
[Source "ChessBase"]
[SourceDate "2015.06.18"]
[SourceVersion "1"]
[SourceVersionDate "2015.06.18"]
[SourceQuality "1"]

1. e4 Nf6 2. e5 Nd5 3. d4 Nb6 4. Bd3 d6 5. f4 c5 6. dxc5 dxc5 7. Qe2 Nc6 8. Nf3 Bg4 9. Nc3 e6 10. Be3 Nd5 11. Nxd5 exd5 12. c3 d4 13. Bd2 Qb6 14. h3 Bxf3 15. Qxf3 c4 16. Bxc4 Qxb2 17. Rd1 dxc3 18. Qxc3 Qb6 19. Qb3 Qxb3 20. Bxb3 Bc5 21. Bc3 0-0 22. Rd7 Bb4 23. Bxb4 Nxb4 24. Ke2 b6 25. Rhd1 a5 26. a3 Na6 27. Bd5 Rab8 28. Ra7 Nc5 29. Kf3 g6 30. g4 Na4 31. Bb3 Nc5 32. Bd5 Na4 33. Rd4 Nc3 0-1

[Event "Budapest FS02 IM"]
[Site "Budapest"]
[Date "2015.02.15"]
[Round "8"]
[White "Jovanovic, Dusan D"]
[Black "Pesotsky, Vitaly"]
[Result "1/2-1/2"]
[WhiteElo "2396"]
[BlackElo "2239"]
[PlyCount "221"]
[EventDate "2015.02.07"]
[EventType "tourn"]
[EventRounds "9"]
[EventCountry "HUN"]
[EventCategory "1"]
[SourceTitle "CBM 164 Extra"]
[Source "ChessBase"]
[SourceDate "2015.03.02"]
[SourceVersion "1"]
[SourceVersionDate "2015.03.02"]
[SourceQuality "1"]

1. c4 e5 2. Nc3 Nc6 3. g3 Bc5 4. Bg2 a6 5. e3 d6 6. Nge2 Ba7 7. a3 Be6 8. Nd5 Rb8 9. 0-0 h5 10. d4 h4 11. dxe5 dxe5 12. Nec3 Qc8 13. Qe2 Nce7 14. b4 Nxd5 15. cxd5 Bd7 16. Ne4 hxg3 17. hxg3 Bb5 18. Qf3 Bxf1 19. Bxf1 Qd8 20. Bc4 Nf6 21. Bb2 Nxe4 22. Qxe4 f6 23. f4 Qe7 24. fxe5 fxe5 25. Qxe5 Qxe5 26. Bxe5 Kd7 27. Bf4 Rbe8 28. Re1 b5 29. Bd3 Kc8 30. a4 Rhg8 31. Bg6 Rd8 32. Rc1 Rd6 33. Bf5+ Kb8 34. Kg2 bxa4 35. Bxd6 cxd6 36. Rc6 Kb7 37. Bd3 Bb6 38. Rxd6 a3 39. Rc6 a2 40. Rc1 Bxe3 41. Ra1 Bd2 42. Rxa2 Bxb4 43. Rxa6 Rd8 44. Rg6 Bf8 45. Re6 Bd6 46. Bf5 Kb6 47. Rg6 Kc5 48. Be6 Be5 49. Kf3 Ra8 50. Ke4 Bf6 51. Kf5 Ra1 52. Rg4 Rf1+ 53. Ke4 Ra1 54. Kf3 Ra3+ 55. Kg2 Be5 56. Rg5 Kd6 57. g4 Ra2+ 58. Kf3 Ra4 59. Rh5 Bf6 60. Rh1 Ra1 61. Rh8 Ke5 62. Re8 Ra3+ 63. Ke2 Kd6 64. Bf7 Kd7 65. Re6 Be7 66. Bg6 Bd6 67. Bf5 Kc7 68. Rg6 Be5 69. Rc6+ Kb7 70. Re6 Bf6 71. d6 Kc6 72. d7+ Kc7 73. Re8 Bd8 74. Rg8 g5 75. Re8 Rh3 76. Re4 Ra3 77. Rc4+ Kd6 78. Rc8 Ke7 79. Rc6 Ra5 80. Kd3 Re5 81. Rh6 Rd5+ 82. Ke4 Rd1 83. Rh8 Bc7 84. Rg8 Kf6 85. Rg6+ Kf7 86. Rxg5 Bd8 87. Rh5 Bf6 88. g5 Bg7 89. Rh3 Rd4+ 90. Ke3 Rd5 91. Rf3 Ke7 92. Rf4 Bc3 93. Kf3 Ba5 94. Re4+ Kf8 95. Kg4 Rd1 96. Kh5 Kf7 97. Be6+ Kg7 98. Bh3 Rh1 99. Re7+ Kf8 100. Re8+ Kf7 101. Kg4 Rd1 102. Kf5 Rxd7 103. Re5 Bc3 104. Rc5 Bd4 105. Rb5 Rc7 106. Bg2 Rc5+ 107. Bd5+ Ke7 108. Rb7+ Kd6 109. Ke4 Rxd5 110. Rd7+ Kxd7 111. Kxd5 1/2-1/2

[Event "Budapest FS02 IM"]
[Site "Budapest"]
[Date "2015.02.14"]
[Round "7"]
[White "Pesotsky, Vitaly"]
[Black "Szeberenyi, Adam"]
[Result "1/2-1/2"]
[WhiteElo "2239"]
[BlackElo "2303"]
[PlyCount "27"]
[EventDate "2015.02.07"]
[EventType "tourn"]
[EventRounds "9"]
[EventCountry "HUN"]
[EventCategory "1"]
[SourceTitle "CBM 164 Extra"]
[Source "ChessBase"]
[SourceDate "2015.03.02"]
[SourceVersion "1"]
[SourceVersionDate "2015.03.02"]
[SourceQuality "1"]

1. c4 c5 2. Nf3 Nc6 3. d4 cxd4 4. Nxd4 Nf6 5. Nc3 e6 6. Ndb5 Bb4 7. a3 Bxc3+ 8. Nxc3 d5 9. e3 0-0 10. cxd5 exd5 11. Nb5 Re8 12. Be2 a6 13. Nd4 Qb6 14. Nxc6 1/2-1/2

[Event "Budapest FS02 IM"]
[Site "Budapest"]
[Date "2015.02.12"]
[Round "5"]
[White "Pesotsky, Vitaly"]
[Black "Vereb, Gabor"]
[Result "1/2-1/2"]
[WhiteElo "2239"]
[BlackElo "2204"]
[PlyCount "57"]
[EventDate "2015.02.07"]
[EventType "tourn"]
[EventRounds "9"]
[EventCountry "HUN"]
[EventCategory "1"]
[SourceTitle "CBM 164 Extra"]
[Source "ChessBase"]
[SourceDate "2015.03.02"]
[SourceVersion "1"]
[SourceVersionDate "2015.03.02"]
[SourceQuality "1"]

1. e4 c5 2. Nf3 e6 3. d4 cxd4 4. Nxd4 Nc6 5. Nb5 d6 6. c4 Nf6 7. N1c3 a6 8. Na3 Be7 9. Be2 0-0 10. 0-0 b6 11. Be3 Ne5 12. f3 Bb7 13. Qb3 Ned7 14. Rfd1 Rb8 15. Kh1 Qc7 16. Rac1 Rfd8 17. Qc2 Rbc8 18. Qb1 Qb8 19. Bf1 Rc7 20. Rd2 Rcc8 21. Rcd1 Qc7 22. Bf4 Ne5 23. Be3 Ng6 24. Nc2 Nd7 25. Na3 Nge5 26. Qa1 Nf6 27. Qb1 Ned7 28. Bf4 Ne5 29. Be3 1/2-1/2

[Event "Budapest FS10 IM"]
[Site "Budapest"]
[Date "2014.10.08"]
[Round "5"]
[White "Pesotsky, Vitaly"]
[Black "To, Nhat Minh"]
[Result "0-1"]
[WhiteElo "2262"]
[BlackElo "2329"]
[PlyCount "94"]
[EventDate "2014.10.04"]
[EventType "tourn"]
[EventRounds "9"]
[EventCountry "HUN"]
[SourceTitle "CBM 162 Extra"]
[Source "ChessBase"]
[SourceDate "2014.10.17"]
[SourceVersion "1"]
[SourceVersionDate "2014.10.17"]
[SourceQuality "1"]

1. e4 c5 2. Nf3 e6 3. d4 cxd4 4. Nxd4 Nc6 5. Nb5 d6 6. c4 Nf6 7. N1c3 a6 8. Nd4 Bd7 9. Be2 Rc8 10. 0-0 Na5 11. b3 b5 12. Nc2 Be7 13. Be3 0-0 14. f3 Qc7 15. Rc1 bxc4 16. b4 Nb7 17. Qe1 d5 18. Qf2 Bc6 19. Bb6 Qb8 20. Ba7 Qa8 21. e5 Nd7 22. f4 f6 23. exf6 Rxf6 24. Qe3 Rg6 25. Bd4 Nd6 26. f5 Bg5 27. Qh3 Nxf5 28. Rxf5 Bxc1 29. Rf1 Bh6 30. Bh5 e5 31. Bxg6 hxg6 32. Bxe5 Nxe5 33. Qe6+ Kh7 34. Qxe5 d4 35. Qxd4 Rd8 36. Qxc4 Bxg2 37. Rf2 Bh3 38. a4 Qb8 39. Qh4 Rd3 40. Qc4 Qd8 41. Ne1 Qg5+ 42. Kh1 Qc1 43. Qxd3 Qxe1+ 44. Rf1 Bxf1 45. Qd1 Qf2 46. Qg4 Bd3 47. Qg3 Qd2 0-1

[Event "Budapest FS10 IM"]
[Site "Budapest"]
[Date "2014.10.06"]
[Round "3"]
[White "Pesotsky, Vitaly"]
[Black "Lyell, Mark"]
[Result "1/2-1/2"]
[WhiteElo "2262"]
[BlackElo "2290"]
[PlyCount "79"]
[EventDate "2014.10.04"]
[EventType "tourn"]
[EventRounds "9"]
[EventCountry "HUN"]
[SourceTitle "CBM 162 Extra"]
[Source "ChessBase"]
[SourceDate "2014.10.17"]
[SourceVersion "1"]
[SourceVersionDate "2014.10.17"]
[SourceQuality "1"]

1. Nf3 e6 2. e4 d5 3. e5 c5 4. c3 Nc6 5. d4 Bd7 6. Be2 Nge7 7. 0-0 Nf5 8. g4 Nh4 9. Nxh4 Qxh4 10. Bf4 h5 11. Bg3 Qd8 12. dxc5 hxg4 13. b4 a5 14. Qd2 g6 15. Bxg4 Bh6 16. Qb2 axb4 17. cxb4 Nxb4 18. Nc3 Nd3 19. Qxb7 Nxc5 20. Qb4 Na4 21. Nb5 Qa5 22. Nd6+ Kf8 23. Qxa5 Rxa5 24. Rfb1 Ke7 25. Rb7 Nc5 26. Rc7 Rha8 27. f4 Ne4 28. Nxf7 Nxg3 29. hxg3 Bf8 30. Ng5 Kd8 31. Rc2 Bc5+ 32. Kg2 Ke7 33. Rh1 Rxa2 34. Rh7+ Kd8 35. Rxa2 Rxa2+ 36. Kh3 Ra1 37. Kg2 Ra2+ 38. Kh3 Ra1 39. Kg2 Ra2+ 40. Kh3 1/2-1/2

[Event "Prague Summer op 1st"]
[Site "Prague"]
[Date "2014.08.15"]
[Round "8"]
[White "Turkova, Karolina"]
[Black "Pesotsky, Vitaly"]
[Result "0-1"]
[WhiteElo "2042"]
[BlackElo "2275"]
[PlyCount "72"]
[EventDate "2014.08.09"]
[EventType "swiss"]
[EventRounds "9"]
[EventCountry "CZE"]
[SourceTitle "CBM 162 Extra"]
[Source "ChessBase"]
[SourceDate "2014.10.17"]
[SourceVersion "1"]
[SourceVersionDate "2014.10.17"]
[SourceQuality "1"]

1. e4 Nf6 2. e5 Nd5 3. c4 Nb6 4. d4 d6 5. f4 dxe5 6. fxe5 Nc6 7. c5 Nd5 8. Bc4 Bf5 9. Nf3 e6 10. 0-0 Be7 11. Nc3 Ndb4 12. Rf2 0-0 13. Be3 Na5 14. Bf1 b6 15. Qa4 Nd5 16. Bd2 Nxc3 17. Bxc3 Be4 18. Rd1 Qe8 19. Qxe8 Rfxe8 20. Bd3 Bd5 21. b4 Nc4 22. Nd2 Nxd2 23. Rdxd2 f6 24. exf6 Bxf6 25. Rde2 a5 26. Rf4 axb4 27. Bxb4 Rxa2 28. Rxa2 Bxa2 29. Bb5 Rd8 30. cxb6 cxb6 31. Bc3 Rc8 32. Bb2 Rc2 33. Ba3 Bd5 34. g4 Rd2 35. g5 Rxd4 36. Rf2 Rd1+ 0-1

[Event "Budapest FS06 IM"]
[Site "Budapest"]
[Date "2014.06.16"]
[Round "9"]
[White "Pesotsky, Vitaly"]
[Black "Gumanny, Evgeny"]
[Result "1/2-1/2"]
[WhiteElo "2277"]
[BlackElo "2137"]
[PlyCount "95"]
[EventDate "2014.06.07"]
[EventType "tourn"]
[EventRounds "10"]
[EventCountry "HUN"]
[EventCategory "2"]
[SourceTitle "CBM 160 Extra"]
[Source "ChessBase"]
[SourceDate "2014.07.01"]
[SourceVersion "1"]
[SourceVersionDate "2014.07.01"]
[SourceQuality "1"]

1. e4 c5 2. Nf3 d6 3. d4 cxd4 4. Nxd4 Nf6 5. Nc3 a6 6. Be2 e5 7. Nb3 Be7 8. 0-0 Be6 9. Bf3 Nbd7 10. a4 Qc7 11. a5 0-0 12. Be3 b5 13. axb6 Nxb6 14. Na5 Nc4 15. Nxc4 Qxc4 16. Ra4 Qc6 17. Qa1 Bc4 18. Rd1 h6 19. b3 Bb5 20. Ra2 Rac8 21. Nd5 Nxd5 22. exd5 Qb7 23. c4 Be8 24. Rxa6 Qxb3 25. Ra3 Qc2 26. Ra2 Qg6 27. Ra7 Bf6 28. Qa6 Qf5 29. h3 Rd8 30. c5 dxc5 31. Bxc5 e4 32. Bg4 Qf4 33. Qa3 Bb5 34. Bxf8 Rxf8 35. Ra8 Rxa8 36. Qxa8+ Kh7 37. Qa7 Bd3 38. Qxf7 e3 39. fxe3 Qxe3+ 40. Kh1 Qg3 41. d6 Be4 42. Rg1 Be5 43. Bf5+ Bxf5 44. Qxf5+ Kh8 45. Qc8+ Kh7 46. Qf5+ Kh8 47. Qc8+ Kh7 48. Qf5+ 1/2-1/2

[Event "Budapest FS06 IM"]
[Site "Budapest"]
[Date "2014.06.08"]
[Round "2"]
[White "Pesotsky, Vitaly"]
[Black "Szalanczy, Emil"]
[Result "1-0"]
[WhiteElo "2277"]
[BlackElo "2285"]
[PlyCount "79"]
[EventDate "2014.06.07"]
[EventType "tourn"]
[EventRounds "10"]
[EventCountry "HUN"]
[EventCategory "2"]
[SourceTitle "CBM 160 Extra"]
[Source "ChessBase"]
[SourceDate "2014.07.01"]
[SourceVersion "1"]
[SourceVersionDate "2014.07.01"]
[SourceQuality "1"]

1. Nf3 c5 2. c4 Nc6 3. d4 cxd4 4. Nxd4 Nf6 5. Nc3 e6 6. Ndb5 Bb4 7. a3 Bxc3+ 8. Nxc3 d5 9. cxd5 exd5 10. e3 0-0 11. Nb5 Bg4 12. f3 Be6 13. Be2 Qb6 14. 0-0 Rfd8 15. Nd4 Rac8 16. Rf2 Rd6 17. Bf1 Nxd4 18. Qxd4 Qxd4 19. exd4 Bf5 20. g4 Bg6 21. h4 h5 22. g5 Nh7 23. Bf4 Rdd8 24. Re1 Nf8 25. Re7 Ne6 26. Be5 Rc1 27. Rxb7 Rd1 28. Rb4 Rc8 29. Kh2 Rcc1 30. Bh3 Rh1+ 31. Kg3 Kf8 32. Rb8+ Ke7 33. Rb7+ Kd8 34. Rxa7 Rcg1+ 35. Rg2 Nxg5 36. hxg5 h4+ 37. Kf4 Rxg2 38. Bc7+ Ke7 39. Bb6+ Ke8 40. Ra8+ 1-0

[Event "Budapest FS04 IM"]
[Site "Budapest"]
[Date "2014.04.14"]
[Round "8"]
[White "Pesotsky, Vitaly"]
[Black "Keschitz, Gyorgy"]
[Result "0-1"]
[WhiteElo "2274"]
[BlackElo "2240"]
[PlyCount "179"]
[EventDate "2014.04.05"]
[EventType "tourn"]
[EventRounds "9"]
[EventCountry "HUN"]
[EventCategory "1"]
[SourceTitle "CBM 159 Extra"]
[Source "ChessBase"]
[SourceDate "2014.04.24"]
[SourceVersion "1"]
[SourceVersionDate "2014.04.24"]
[SourceQuality "1"]

1. e4 e6 2. d4 d5 3. Nd2 Nf6 4. e5 Nfd7 5. f4 c5 6. c3 Nc6 7. Ndf3 Qb6 8. a3 a5 9. b3 Be7 10. Ra2 Rb8 11. Nh3 Qc7 12. Bb5 Na7 13. Be2 b5 14. 0-0 Nc6 15. f5 exf5 16. Nf4 Nb6 17. Bxb5 0-0 18. Kh1 Rd8 19. Qe1 Na8 20. c4 dxc4 21. Bxc4 Nxd4 22. Nd5 Nxf3 23. gxf3 Qa7 24. Rg2 g6 25. Nxe7+ Qxe7 26. Bg5 Qe8 27. Qxa5 Rd7 28. Qxc5 Rc7 29. Qe3 Nb6 30. e6 Nxc4 31. exf7+ Kxf7 32. Qxe8+ Kxe8 33. Bf4 Rxb3 34. Bxc7 Ne3 35. Re2 Ba6 36. Rxe3+ Rxe3 37. Bf4 Rxa3 38. Re1+ Kf7 39. Kg2 Ra4 40. Kg3 Bc4 41. h4 Ra3 42. Bg5 Bd5 43. Re7+ Kf8 44. Re3 Ra7 45. Re5 Rd7 46. Re1 Kf7 47. Re3 Rb7 48. Re5 Be6 49. Re1 Rb6 50. Rc1 Rb7 51. Re1 h5 52. Bf4 Ke7 53. Bg5+ Kd7 54. Rd1+ Kc6 55. Rc1+ Kd5 56. Rd1+ Kc4 57. Rc1+ Kd3 58. Rd1+ Ke2 59. Rd2+ Ke1 60. Rd3 Bc4 61. Re3+ Be2 62. Rc3 Rb2 63. Bf6 Ra2 64. Bg5 Bd1 65. Bf6 Kf1 66. Rc1 Rg2+ 67. Kh3 Rd2 68. Kg3 Rd6 69. Be5 Rd5 70. Bf6 f4+ 71. Kxf4 Rf5+ 72. Ke4 Rxf6 73. Rxd1+ Kg2 74. f4 Re6+ 75. Kd5 Re2 76. Ra1 Kg3 77. Rg1+ Kxf4 78. Rxg6 Rh2 79. Rf6+ Kg4 80. Ke4 Re2+ 81. Kd3 Re8 82. Rf2 Kxh4 83. Re2 Rd8+ 84. Ke4 Kg3 85. Ra2 h4 86. Ra3+ Kg4 87. Ke3 Rf8 88. Ra7 h3 89. Rg7+ Kh4 90. Ke2 0-1

[Event "Budapest FS04 IM"]
[Site "Budapest"]
[Date "2014.04.08"]
[Round "4"]
[White "Pesotsky, Vitaly"]
[Black "Balint, Vilmos"]
[Result "1-0"]
[WhiteElo "2274"]
[BlackElo "2217"]
[PlyCount "173"]
[EventDate "2014.04.05"]
[EventType "tourn"]
[EventRounds "9"]
[EventCountry "HUN"]
[EventCategory "1"]
[SourceTitle "CBM 159 Extra"]
[Source "ChessBase"]
[SourceDate "2014.04.24"]
[SourceVersion "1"]
[SourceVersionDate "2014.04.24"]
[SourceQuality "1"]

1. e4 e5 2. Nf3 Nc6 3. Nc3 Nf6 4. Bb5 Bb4 5. 0-0 0-0 6. d3 Bxc3 7. bxc3 d6 8. Bg5 Ne7 9. Bc4 Ng6 10. Nh4 Nxh4 11. Bxh4 Be6 12. f4 Bxc4 13. fxe5 dxe5 14. Rxf6 Re8 15. Qg4 Qc8 16. Rf5 Bb5 17. Bf6 g6 18. Qg5 Re6 19. Raf1 Qf8 20. Rxe5 h6 21. Qg3 Rxe5 22. Qxe5 c6 23. Qc7 Qc8 24. Qf4 Qf8 25. Bd4 c5 26. Be5 Be8 27. Qf6 Kh7 28. Bd6 Qg7 29. Bxc5 Qxf6 30. Rxf6 Kg8 31. Kf2 Ba4 32. Ke3 Bxc2 33. Rd6 Ba4 34. Bd4 Re8 35. Bxa7 f5 36. Bd4 Kh7 37. Rf6 fxe4 38. Rf7+ Kg8 39. Rxb7 exd3+ 40. Kxd3 g5 41. Rg7+ Kf8 42. Ra7 Bc6 43. Bg7+ Kg8 44. Bxh6 Bxg2 45. Bxg5 Bf1+ 46. Kd4 Re2 47. h4 Rg2 48. a3 Rg4+ 49. Kd5 Bc4+ 50. Kd6 Rg3 51. Bf6 Rf3 52. Bd4 Rh3 53. Ke7 Kh7 54. Kf6+ Kh6 55. Kf5 Rf3+ 56. Ke4 Rh3 57. Bf6 Kg6 58. Kd4 Bf1 59. Bg5 Rd3+ 60. Ke5 Rxc3 61. a4 Rc2 62. a5 Ra2 63. Kd6 Be2 64. Re7 Bf1 65. Re5 Rc2 66. Rc5 Ra2 67. Kc7 Rb2 68. h5+ Kh7 69. Kd6 Rh2 70. Rc7+ Kg8 71. h6 Bd3 72. Rg7+ Kh8 73. Kc6 Rc2+ 74. Kd6 Rh2 75. Kc5 Rc2+ 76. Kd4 Rc4+ 77. Ke3 Re4+ 78. Kf3 Re6 79. Be3 Ra6 80. Bb6 Bf1 81. Ke3 Bb5 82. Kd2 Bf1 83. Kc3 Bb5 84. Kb4 Bc4 85. Bd4 Rxh6 86. Rg6+ Kh7 87. Rxh6+ 1-0

[Event "Budapest FS04 IM"]
[Site "Budapest"]
[Date "2014.04.07"]
[Round "3"]
[White "Pesotsky, Vitaly"]
[Black "Lyell, Mark"]
[Result "1-0"]
[WhiteElo "2274"]
[BlackElo "2228"]
[PlyCount "80"]
[EventDate "2014.04.05"]
[EventType "tourn"]
[EventRounds "9"]
[EventCountry "HUN"]
[EventCategory "1"]
[SourceTitle "CBM 159 Extra"]
[Source "ChessBase"]
[SourceDate "2014.04.24"]
[SourceVersion "1"]
[SourceVersionDate "2014.04.24"]
[SourceQuality "1"]

1. e4 e5 2. Nf3 Nc6 3. Nc3 Nf6 4. Bb5 Nd4 5. Nxd4 exd4 6. e5 dxc3 7. exf6 Qxf6 8. dxc3 Bc5 9. 0-0 0-0 10. Bxd7 Rd8 11. Qh5 Bxd7 12. Qxc5 Bc6 13. Qg5 Qe6 14. Bf4 Rd5 15. Qg3 Re8 16. Be3 Qf5 17. Bd4 f6 18. Rae1 Rxe1 19. Rxe1 Rd7 20. Qd3 Qxd3 21. cxd3 Kf7 22. Re3 Bb5 23. Kf1 c5 24. Bxc5 Bxd3+ 25. Ke1 b6 26. Rxd3 Rxd3 27. Bd4 Ke6 28. Ke2 Rxd4 29. cxd4 Kd5 30. Kd3 g6 31. a4 a6 32. f3 h6 33. g3 Kd6 34. Kc4 Kc6 35. d5+ Kd6 36. Kd4 Kd7 37. b4 Kd6 38. a5 bxa5 39. bxa5 h5 40. f4 g5 1-0

[Event "Nabokov Memorial-B 11th"]
[Site "Kiev"]
[Date "2013.05.13"]
[Round "8"]
[White "Pesotsky, Vitaly"]
[Black "Kruglyakov, Pavlo"]
[Result "0-1"]
[WhiteElo "2284"]
[BlackElo "2308"]
[PlyCount "70"]
[EventDate "2013.05.07"]
[EventType "tourn"]
[EventRounds "9"]
[EventCountry "UKR"]
[EventCategory "3"]
[SourceTitle "CBM 154 Extra"]
[Source "ChessBase"]
[SourceDate "2013.06.25"]
[SourceVersion "2"]
[SourceVersionDate "2013.06.25"]
[SourceQuality "1"]

1. e4 e6 2. d4 d5 3. Nd2 Nf6 4. e5 Nfd7 5. f4 c5 6. c3 Nc6 7. Ndf3 Qb6 8. a3 a5 9. b3 f6 10. h4 Be7 11. h5 cxd4 12. cxd4 0-0 13. Bd3 fxe5 14. fxe5 Ndxe5 15. dxe5 Nxe5 16. Ra2 Qc7 17. Bb1 b6 18. Rc2 Qd6 19. Bb2 Ng4 20. Qd4 Qg3+ 21. Kd1 Bf6 22. Qxb6 Rb8 23. Qa7 Rxb3 24. Kc1 Bxb2+ 25. Rxb2 Rxb2 26. Kxb2 Qxg2+ 27. Ka1 Qxh1 28. Ng5 Nf6 29. N1h3 h6 30. Nf2 Qxh5 31. Ngh3 e5 32. Ng1 Bf5 33. Bxf5 Qxf5 34. Ne2 d4 35. Nd1 Qc2 0-1

[Event "Nabokov Memorial-B 11th"]
[Site "Kiev"]
[Date "2013.05.12"]
[Round "6"]
[White "Kernazhitsky, Leonid"]
[Black "Pesotsky, Vitaly"]
[Result "0-1"]
[WhiteElo "2305"]
[BlackElo "2284"]
[PlyCount "162"]
[EventDate "2013.05.07"]
[EventType "tourn"]
[EventRounds "9"]
[EventCountry "UKR"]
[EventCategory "3"]
[SourceTitle "CBM 154 Extra"]
[Source "ChessBase"]
[SourceDate "2013.06.25"]
[SourceVersion "2"]
[SourceVersionDate "2013.06.25"]
[SourceQuality "1"]

1. e4 Nf6 2. e5 Nd5 3. d4 Nb6 4. c4 d6 5. exd6 cxd6 6. Nc3 g6 7. Bg5 Bg7 8. Rc1 h6 9. Be3 0-0 10. Qd2 Kh7 11. h3 e5 12. dxe5 dxe5 13. Qxd8 Rxd8 14. c5 N6d7 15. Nd5 Nc6 16. Bc4 e4 17. f4 exf3 18. Nxf3 Bxb2 19. Rb1 Nde5 20. Nxe5 Nxe5 21. Be2 Rxd5 22. Rxb2 Nd3+ 23. Bxd3 Rxd3 24. Kf2 a5 25. Rd2 Rxd2+ 26. Bxd2 a4 27. Rb1 a3 28. Rb3 Be6 29. Rc3 Bxa2 30. Bc1 Bd5 31. Rxa3 Rc8 32. Be3 g5 33. g4 Rc6 34. Bd4 f6 35. Ra1 Re6 36. Rb1 Re4 37. Be3 Bc6 38. Rd1 f5 39. gxf5 Re5 40. f6 Rf5+ 41. Kg1 Rxf6 42. Rf1 Re6 43. Re1 Re4 44. Bf2 Rb4 45. Rd1 Rb3 46. Kh2 Rb2 47. Kg1 h5 48. Re1 h4 49. Re5 Kg6 50. Kf1 Bd7 51. Re3 Kf5 52. Re7 Be6 53. Re8 Rb1+ 54. Be1 Kf6 55. Rf8+ Ke5 56. Rf3 Kd4 57. Ke2 Kxc5 58. Bf2+ Kd6 59. Be3 Rb5 60. Bd2 Ke7 61. Kf2 Rd5 62. Ke1 Re5+ 63. Kf2 Bc4 64. Bc3 Re2+ 65. Kg1 Bd5 66. Rf5 Ke6 67. Rxg5 Re3 68. Rg6+ Kf7 69. Rg7+ Kf8 70. Rd7 Bc6 71. Bb4+ Ke8 72. Rh7 Rxh3 73. Be1 Rh1+ 74. Kf2 h3 75. Bc3 Bg2 76. Be5 Rf1+ 77. Ke2 Rf5 78. Bg3 Kf8 79. Kd2 Kg8 80. Re7 Bc6 81. Ke2 Rg5 0-1